Využitie štatistických metód pri finančno-ekonomickej analýze odvetvia
Analýza 30-tich podnikov hutníckeho priemyslu v SR, rozdelenie porovnateľných podnikov do zhlukov, využitie zhlukovej a faktorovej analýzy. Metóda normovanej premennej. Kaiserovo pravidlo.
Enregistré dans:
| Auteur principal: | |
|---|---|
| Format: | Chapitre de livre |
| Langue: | slovaque |
| Sujets: | |
| Tags: |
Pas de tags, Soyez le premier à ajouter un tag!
|
MARC
| LEADER | 00000naa$a2200000$$$4500 | ||
|---|---|---|---|
| 001 | 0090902 | ||
| 005 | 20220715094048.7 | ||
| 041 | 0 | |a slo | |
| 044 | |a SK | ||
| 245 | 1 | 0 | |a Využitie štatistických metód pri finančno-ekonomickej analýze odvetvia |c Miroslav Kello |
| 520 | |a Analýza 30-tich podnikov hutníckeho priemyslu v SR, rozdelenie porovnateľných podnikov do zhlukov, využitie zhlukovej a faktorovej analýzy. Metóda normovanej premennej. Kaiserovo pravidlo. | ||
| 610 | 2 | 0 | |a analýza faktorová |
| 610 | 2 | 0 | |a analýza zhluková |
| 610 | 2 | 0 | |a analýzy |
| 610 | 2 | 0 | |a metódy štatistické |
| 610 | 2 | 0 | |a koeficient korelácie |
| 610 | 2 | 0 | |a ukazovatele |
| 610 | 2 | 0 | |a štatistika |
| 610 | 2 | 0 | |a hutníctvo |
| 100 | 1 | |a Kello, Miroslav | |